Arquitectos
Enregistré dans:
| Auteur principal: | |
|---|---|
| Format: | Livre |
| Langue: | espagnol anglais |
| Publié: |
Santiago
Universidad San Sebastián
2017
Santiago Constructo 2017 |
| Édition: | 1a. ed |
| Sujets: | |
| Tags: |
Ajouter un tag
Pas de tags, Soyez le premier à ajouter un tag!
|
MARC
| LEADER | 00000cam a2200000 a 4500 | ||
|---|---|---|---|
| 001 | UCC4685 | ||
| 003 | CL-VaPUC | ||
| 008 | 180817e20170000cl |||||||||||||||||spa|d | ||
| 020 | |a 9789568801144 | ||
| 041 | 0 | 7 | |a spa |2 CL-VaPUC |
| 041 | 0 | 7 | |a eng |2 CL-VaPUC |
| 082 | 0 | 4 | |a 720.92 |b TID |2 21 |
| 100 | 0 | |a Tidy, Albert |e author |9 598880 | |
| 245 | 1 | 0 | |a Arquitectos |
| 250 | |a 1a. ed | ||
| 300 | |a 296 p | ||
| 942 | |c BK | ||
| 945 | |d 20180817 12:57:00 |a dcastane | ||
| 260 | |a Santiago |b Universidad San Sebastián |c 2017 | ||
| 260 | |a Santiago |b Constructo |c 2017 | ||
| 650 | 0 | |a Arquitectura contemporánea |9 367350 | |
| 650 | 0 | |a Arquitectura |y Siglo 21 |9 556966 | |
| 650 | 0 | |a Arquitectos chilenos |9 451494 | |
| 650 | 0 | |a Arquitectura chilena |9 265393 | |
| 583 | |a last modification |c 20180817 12:57:00 |k Rodrigo Vera | ||
| 999 | |c 372113 |d 372111 | ||
| 952 | |0 0 |1 0 |3 erd |4 0 |6 720_920000000000000_TID_2017_2017 |7 0 |8 A |9 489378 |a BIBARQ |b BIBARQ |i 5489024 |l 1 |o 720.92 TID 2017 2017 |p 5489024 |r 2025-04-08 |s 2025-04-03 |w 2019-11-24 |y BK |z Catalogado en:20180817 |k ARQ | ||